The people of Japan

Αποθηκεύτηκε σε:
Λεπτομέρειες βιβλιογραφικής εγγραφής
Κύριος συγγραφέας: Buck, Pearl S.
Μορφή: Βιβλίο
Γλώσσα:Undetermined
Έκδοση: New York Simon and Schuster 1966
Θέματα:
Ετικέτες: Προσθήκη ετικέτας
Δεν υπάρχουν, Καταχωρήστε ετικέτα πρώτοι!
Thư viện lưu trữ: Trung tâm Học liệu Trường Đại học Cần Thơ
LEADER 00519nam a2200205Ia 4500
001 CTU_114857
008 210402s9999 xx 000 0 und d
082 |a 390.0952 
082 |b B922 
100 |a Buck, Pearl S. 
245 4 |a The people of Japan 
245 0 |c Pearl S. Buck 
260 |a New York 
260 |b Simon and Schuster 
260 |c 1966 
650 |a Japan 
650 |x Social life and customs 
650 |y 1945- 
904 |i Tuyến 
980 |a Trung tâm Học liệu Trường Đại học Cần Thơ